| 000 | 00543 a2200133 4500 | ||
|---|---|---|---|
| 082 | _aMS-IT-7 | ||
| 100 |
_aSaeed Ullah _999998 |
||
| 245 |
_aEnergy and distortion analysis of video compression schemes in multi-hope wireless video sensor networks _cSaeed Ullah |
||
| 260 |
_aIslamabad: _bNUST School of Electrical Engineering & Computer Science, _c2010. |
||
| 300 |
_avii, 49 p. : _bill. ; _c27 cm. |
||
| 500 | _aSupervisor : Dr. Syed Ali Khayam. | ||
| 856 | _uhttp://10.250.8.41:8080/xmlui/handle/123456789/12895 | ||
| 942 |
_cPR _kMS-IT- 7 SAE _2ddc |
||
| 999 |
_c10154 _d10154 |
||